Tribhuvan University Central Library
Normal view MARC view
  • Lemon, Roy R.

Entry Personal Name

Number of records used in: 1

001 - CONTROL NUMBER

  • control field: 8007

003 - CONTROL NUMBER IDENTIFIER

  • control field: OSt

005 - DATE AND TIME OF LATEST TRANSACTION

  • control field: 20110103164455.0

008 - FIXED-LENGTH DATA ELEMENTS

  • fixed length control field: 110103|||a|||||| | ||| d

040 ## - CATALOGING SOURCE

  • Original cataloging agency: OSt
  • Transcribing agency: OSt

100 ## - HEADING--PERSONAL NAME

  • Personal name: Lemon, Roy R.

670 ## - SOURCE DATA FOUND

  • Source citation: Work cat.: (OSt): Lemon, Roy R., Principles of stratigraphy, 1990

670 ## - SOURCE DATA FOUND

  • Source citation: Work cat.: (OSt): Lemon, Roy R., Principles of stratigraphy, 1990